[Event "Ruhrgebiet Bezirksliga 17/18"]
[Site "Ruhrgebiet"]
[Date "2018.04.08"]
[Round "9.2"]
[White "Wiese, Thomas"]
[Black "Schnelting, Michael"]
[Result "0-1"]
[WhiteElo "1790"]
[BlackElo "2002"]
[PlyCount "108"]
[EventDate "2017.09.03"]
[EventType "team-tourn"]
[EventRounds "9"]
[EventCountry "GER"]
[SourceTitle "EXT 2022"]
[Source "ChessBase"]
[SourceDate "2021.10.06"]
[SourceVersion "1"]
[SourceVersionDate "2021.10.06"]
[SourceQuality "1"]
[WhiteTeam "Kamen SV III"]
[BlackTeam "Werne SK"]
[WhiteTeamCountry "GER"]
[BlackTeamCountry "GER"]

1. d4 d6 2. c4 e5 3. d5 f5 4. Nc3 Nf6 5. Bg5 g6 6. e4 h6 7. Bxf6 Qxf6 8. Bd3 Bg7 9. Nge2 0-0 10. h4 f4 11. f3 a5 12. Kd2 Na6 13. Na4 Bd7 14. Nec3 Qe7 15. Qe1 Kh7 16. Qf2 h5 17. Bc2 Rab8 18. a3 b6 19. Nb5 Nc5 20. Nxc5 bxc5 21. a4 Be8 22. Rad1 Bh6 23. Ke2 Ra8 24. Rh2 Rg8 25. Rg1 Rg7 26. Qe1 Kg8 27. Qd2 g5 28. hxg5 Bxg5 29. Qe1 h4 30. Nc3 Bf6 31. Nd1 Bd7 32. Nf2 Kf7 33. Kd3 Qe8 34. Bd1 Bxa4 35. Ng4 Bg5 36. b3 Bd7 37. Rxh4 Bxh4 38. Qxh4 Bxg4 39. fxg4 Qh8 40. Qf2 Qh2 41. Rf1 Ke7 42. Qa2 Rh7 43. Bf3 Rhh8 44. Qa4 Rhb8 45. Kc2 Ra7 46. Qa1 Qg3 47. g5 a4 48. bxa4 Rb4 49. a5 Rxc4+ 50. Kd3 Rd4+ 51. Kc2 Qxg5 52. a6 Qg8 53. Rb1 Qg3 54. Rf1 Rb4 0-1

[Event "Heusenstamm Sparkassen op-A 4th"]
[Site "Heusenstamm"]
[Date "2017.11.26"]
[Round "7"]
[White "Schnelting, Michael"]
[Black "Pabel, Ralph"]
[Result "1-0"]
[WhiteElo "2075"]
[BlackElo "1950"]
[PlyCount "121"]
[EventDate "2017.11.23"]
[EventType "swiss"]
[EventRounds "7"]
[EventCountry "GER"]
[SourceTitle "EXT 2019"]
[Source "ChessBase"]
[SourceDate "2018.10.10"]
[SourceVersion "1"]
[SourceVersionDate "2018.10.10"]
[SourceQuality "1"]

1. g3 d5 2. Nf3 c6 3. c4 e6 4. Bg2 Bd6 5. 0-0 Nd7 6. Qc2 Ne7 7. d4 f5 8. Nbd2 Ng6 9. e3 Nf6 10. Rb1 Qe7 11. a3 0-0 12. b4 e5 13. dxe5 Nxe5 14. Nxe5 Bxe5 15. cxd5 cxd5 16. Bb2 Bd6 17. Bxf6 Qxf6 18. Bxd5+ Kh8 19. Nc4 Bc7 20. Qb2 Qe7 21. Rbd1 Rb8 22. Rd2 Bd7 23. b5 Be8 24. a4 Rf6 25. Qa3 Qxa3 26. Nxa3 Ba5 27. Rc2 Bb4 28. Nc4 b6 29. Ne5 Bc5 30. Bc6 Re6 31. Nd3 Be7 32. Bxe8 Rxe8 33. Rc7 Ra8 34. Rfc1 Kg8 35. Nf4 Re4 36. Rd1 g5 37. Nh5 Kf7 38. Rdd7 a6 39. Rb7 axb5 40. axb5 Re6 41. Ng7 Kxg7 42. Rxe7+ Rxe7 43. Rxe7+ Kf6 44. Rxh7 Rb8 45. Rh6+ Ke5 46. Kg2 g4 47. h4 gxh3+ 48. Kxh3 Ke4 49. Kg2 Rb7 50. Rc6 Rb8 51. Rh6 Rb7 52. Rh4+ Ke5 53. Rh5 Ke4 54. Rh6 Rb8 55. Rc6 Rb7 56. Rc3 Ra7 57. f3+ Ke5 58. Rc6 Rb7 59. f4+ Kd5 60. Kf3 Rb8 61. Rf6 1-0

[Event "Heusenstamm Sparkassen op-A 4th"]
[Site "Heusenstamm"]
[Date "2017.11.25"]
[Round "4"]
[White "Altenbernd, Jannis Domenik"]
[Black "Schnelting, Michael"]
[Result "1/2-1/2"]
[WhiteElo "1958"]
[BlackElo "2075"]
[PlyCount "68"]
[EventDate "2017.11.23"]
[EventType "swiss"]
[EventRounds "7"]
[EventCountry "GER"]
[SourceTitle "EXT 2019"]
[Source "ChessBase"]
[SourceDate "2018.10.10"]
[SourceVersion "1"]
[SourceVersionDate "2018.10.10"]
[SourceQuality "1"]

1. d4 d6 2. Nf3 Nf6 3. c4 Nbd7 4. Nc3 e5 5. d5 Be7 6. e4 0-0 7. Be2 c6 8. 0-0 a6 9. a4 Nc5 10. Qc2 cxd5 11. cxd5 a5 12. Ne1 Bd7 13. Be3 Rc8 14. f3 Nh5 15. Nd3 Nxd3 16. Bxd3 Bg5 17. Qd2 Bxe3+ 18. Qxe3 Nf4 19. Kh1 Nxd3 20. Qxd3 Qb6 21. Qd2 Rc4 22. g3 Rb4 23. Rf2 f5 24. exf5 Rxf5 25. Kg2 Rf8 26. Re1 Bxa4 27. Re4 Rxe4 28. Nxe4 h6 29. Qc3 Rd8 30. h4 Bb3 31. Rd2 a4 32. g4 Qb5 33. Qc7 Qd7 34. Qb6 Qe7 1/2-1/2

[Event "Ruhrgebiet Bezirksliga 17/18"]
[Site "Ruhrgebiet"]
[Date "2017.09.17"]
[Round "2.2"]
[White "Schnelting, Michael"]
[Black "Markert, Kurt"]
[Result "1/2-1/2"]
[WhiteElo "2035"]
[BlackElo "1730"]
[PlyCount "102"]
[EventDate "2017.09.03"]
[EventType "team-tourn"]
[EventRounds "9"]
[EventCountry "GER"]
[SourceTitle "EXT 2022"]
[Source "ChessBase"]
[SourceDate "2021.10.06"]
[SourceVersion "1"]
[SourceVersionDate "2021.10.06"]
[SourceQuality "1"]
[WhiteTeam "Werne SK"]
[BlackTeam "Kamen SV IV"]
[WhiteTeamCountry "GER"]
[BlackTeamCountry "GER"]

1. g3 e5 2. c4 Nc6 3. Bg2 Nf6 4. d3 Bc5 5. Nc3 0-0 6. e3 d6 7. Nge2 Ne7 8. 0-0 a6 9. h3 Ng6 10. Kh2 c6 11. d4 Bb6 12. b3 d5 13. dxe5 Nxe5 14. cxd5 Qe7 15. dxc6 Rd8 16. Qc2 Nxc6 17. Rd1 Bd7 18. Nf4 Nb4 19. Qe2 Bc6 20. Bxc6 Nxc6 21. Bb2 Ba7 22. Ncd5 Nxd5 23. Nxd5 Qe4 24. Nc3 Qf5 25. Kg2 h5 26. Rxd8+ Rxd8 27. Rd1 Rxd1 28. Qxd1 h4 29. g4 Qf6 30. Qd2 Ne5 31. Qe2 Bb8 32. f4 Qc6+ 33. e4 Ng6 34. Nd5 Qxd5 35. exd5 Nxf4+ 36. Kf3 Nxe2 37. Kxe2 f6 38. Ba3 Kf7 39. Kd3 b5 40. Kd4 Ba7+ 41. Bc5 Bb8 42. Ke4 g6 43. Bf2 Bg3 44. Bxg3 hxg3 45. Kf3 Ke7 46. Kxg3 Kd6 47. Kf4 Kxd5 48. h4 Ke6 49. h5 Kf7 50. b4 Kg7 51. hxg6 Kxg6 1/2-1/2

[Event "Ruhrgebiet Bezirksliga 16/17"]
[Site "Ruhrgebiet"]
[Date "2017.03.05"]
[Round "9.1"]
[White "Karmainski, Andreas"]
[Black "Schnelting, Michael"]
[Result "1/2-1/2"]
[WhiteElo "2102"]
[BlackElo "2035"]
[PlyCount "35"]
[EventDate "2016.08.28"]
[EventType "team-tourn"]
[EventRounds "11"]
[EventCountry "GER"]
[SourceTitle "EXT 2022"]
[Source "ChessBase"]
[SourceDate "2021.10.06"]
[SourceVersion "1"]
[SourceVersionDate "2021.10.06"]
[SourceQuality "1"]
[WhiteTeam "Wickede SK"]
[BlackTeam "Werne SK"]
[WhiteTeamCountry "GER"]
[BlackTeamCountry "GER"]

1. e4 d6 2. d4 Nf6 3. Nc3 e5 4. Nf3 Nbd7 5. Bc4 Be7 6. 0-0 0-0 7. Re1 c6 8. a4 b6 9. Qe2 h6 10. dxe5 Nxe5 11. Nxe5 dxe5 12. Bd2 Bc5 13. h3 Qe7 14. Rad1 a6 15. Be3 Bxe3 16. Qxe3 b5 17. Bb3 Be6 18. Bxe6 1/2-1/2

[Event "Ruhrgebiet Bezirksliga 16/17"]
[Site "Ruhrgebiet"]
[Date "2017.01.22"]
[Round "7.1"]
[White "Medger, Gernot"]
[Black "Schnelting, Michael"]
[Result "1/2-1/2"]
[WhiteElo "1815"]
[BlackElo "2035"]
[PlyCount "44"]
[EventDate "2016.08.28"]
[EventType "team-tourn"]
[EventRounds "11"]
[EventCountry "GER"]
[SourceTitle "EXT 2022"]
[Source "ChessBase"]
[SourceDate "2021.10.06"]
[SourceVersion "1"]
[SourceVersionDate "2021.10.06"]
[SourceQuality "1"]
[WhiteTeam "Boenen SV II"]
[BlackTeam "Werne SK"]
[WhiteTeamCountry "GER"]
[BlackTeamCountry "GER"]

1. e4 d6 2. d4 Nf6 3. Nc3 e5 4. dxe5 dxe5 5. Qxd8+ Kxd8 6. Nf3 Bd6 7. Be3 Nc6 8. 0-0-0 h6 9. h3 Ke7 10. Bc4 Be6 11. Bxe6 fxe6 12. Nd2 a6 13. f3 b5 14. Ne2 Na5 15. f4 Nc6 16. g4 exf4 17. Nxf4 Rhg8 18. Rhf1 Rad8 19. Ng6+ Kf7 20. Nf4 Ke7 21. Ng6+ Kf7 22. Nf4 Ke7 1/2-1/2

[Event "Ruhrgebiet Bezirksliga 16/17"]
[Site "Ruhrgebiet"]
[Date "2016.12.11"]
[Round "5.1"]
[White "Dickel, Bodo"]
[Black "Schnelting, Michael"]
[Result "0-1"]
[WhiteElo "1482"]
[BlackElo "2035"]
[PlyCount "82"]
[EventDate "2016.08.28"]
[EventType "team-tourn"]
[EventRounds "11"]
[EventCountry "GER"]
[SourceTitle "EXT 2022"]
[Source "ChessBase"]
[SourceDate "2021.10.06"]
[SourceVersion "1"]
[SourceVersionDate "2021.10.06"]
[SourceQuality "1"]
[WhiteTeam "Luenen Horstmar SC II"]
[BlackTeam "Werne SK"]
[WhiteTeamCountry "GER"]
[BlackTeamCountry "GER"]

1. d4 d6 2. e4 Nf6 3. Nc3 e5 4. dxe5 dxe5 5. Qxd8+ Kxd8 6. Bg5 Be6 7. 0-0-0+ Nbd7 8. Bxf6+ gxf6 9. Nd5 Kc8 10. g3 Bc5 11. f4 c6 12. f5 Bxd5 13. exd5 Bxg1 14. Rxg1 c5 15. Bg2 Nb6 16. b3 Kd7 17. Rge1 h5 18. Re3 Kd6 19. c4 Rag8 20. h3 Nc8 21. Be4 Rg5 22. Rg1 Kc7 23. h4 Rg7 24. Bd3 Nd6 25. Kd2 Rhg8 26. Ke2 Rg4 27. Kf2 Rd4 28. Rg2 e4 29. Bb1 Rg4 30. Bc2 Nxf5 31. Re2 Nd6 32. Rg1 f5 33. Rg2 b5 34. Rh2 bxc4 35. bxc4 Nxc4 36. Bb3 Ne5 37. Rh1 Rd3 38. Rg1 Rf3+ 39. Ke1 Kd6 40. Reg2 Rg8 41. Rf2 Nd3+ 0-1

[Event "Ruhrgebiet Bezirksliga 15/16"]
[Site "Ruhrgebiet"]
[Date "2016.01.10"]
[Round "6.1"]
[White "Rybicki, Hans"]
[Black "Schnelting, Michael"]
[Result "1/2-1/2"]
[WhiteElo "1818"]
[BlackElo "2006"]
[PlyCount "163"]
[EventDate "2015.08.30"]
[EventType "team-tourn"]
[EventRounds "9"]
[EventCountry "GER"]
[SourceTitle "EXT 2022"]
[Source "ChessBase"]
[SourceDate "2021.10.06"]
[SourceVersion "1"]
[SourceVersionDate "2021.10.06"]
[SourceQuality "1"]
[WhiteTeam "Kamen SV III"]
[BlackTeam "Werne SK"]
[WhiteTeamCountry "GER"]
[BlackTeamCountry "GER"]

1. e4 d6 2. d4 Nf6 3. Nc3 e5 4. dxe5 dxe5 5. Bg5 Be6 6. Qxd8+ Kxd8 7. 0-0-0+ Nbd7 8. f3 c6 9. Bh4 Kc7 10. Nge2 Bc5 11. Kb1 b5 12. Nc1 Ne8 13. Nd3 Bd6 14. Bg3 f6 15. f4 exf4 16. Nxf4 Bf7 17. Be2 Ne5 18. Nd3 Nc4 19. Bxd6+ Nexd6 20. Bf3 Rhe8 21. Rhe1 Rad8 22. b3 Ne5 23. h3 Bg6 24. Nf4 a6 25. Kc1 Bf7 26. a3 a5 27. Re2 Nb7 28. Rxd8 Rxd8 29. Rd2 Rxd2 30. Kxd2 Kd6 31. Nd3 Nc5 32. Nc1 g5 33. N3e2 Ne6 34. Ke3 h5 35. g3 Kc5 36. Nd3+ Kd6 37. Bg2 Nxd3 38. Kxd3 Ke5 39. Ng1 g4 40. b4 axb4 41. axb4 Bg6 42. hxg4 hxg4 43. Ne2 Ng5 44. Nc3 Bf7 45. Ke3 Bc4 46. Nd1 Nh3 47. Nc3 Ng1 48. Bh1 Bf7 49. Bg2 Bg6 50. Nd1 Nh3 51. Nc3 Ng5 52. Bh1 Ne6 53. Ne2 Bh7 54. Nc1 Kd6 55. Nd3 Bg8 56. Nf2 Bh7 57. Nxg4 Ke7 58. e5 fxe5 59. Nxe5 c5 60. c3 cxb4 61. cxb4 Kd6 62. Nc6 Bb1 63. Nd4 Nc7 64. Bc6 Na6 65. Nxb5+ Kxc6 66. Nc3 Bc2 67. b5+ Kb6 68. bxa6 Kxa6 69. Ne4 Kb6 70. g4 Kc6 71. Kf4 Kd7 72. Ke5 Ke7 73. g5 Kf7 74. Kf5 Bxe4+ 75. Kxe4 Kg6 76. Kf4 Kg7 77. Kf5 Kf7 78. g6+ Kg7 79. Kg5 Kg8 80. Kf6 Kf8 81. g7+ Kg8 82. Kg6 1/2-1/2

[Event "Ruhrgebiet Bezirksliga 15/16"]
[Site "Ruhrgebiet"]
[Date "2015.08.30"]
[Round "1.1"]
[White "Titschert, Julian"]
[Black "Schnelting, Michael"]
[Result "1/2-1/2"]
[WhiteElo "1835"]
[BlackElo "2010"]
[PlyCount "84"]
[EventDate "2015.08.30"]
[EventType "team-tourn"]
[EventRounds "9"]
[EventCountry "GER"]
[SourceTitle "EXT 2022"]
[Source "ChessBase"]
[SourceDate "2021.10.06"]
[SourceVersion "1"]
[SourceVersionDate "2021.10.06"]
[SourceQuality "1"]
[WhiteTeam "Luenen Horstmar SC"]
[BlackTeam "Werne SK"]
[WhiteTeamCountry "GER"]
[BlackTeamCountry "GER"]

1. d4 d6 2. Nf3 Nf6 3. g3 Nbd7 4. Bg2 e5 5. 0-0 Be7 6. b3 0-0 7. dxe5 dxe5 8. Bb2 Bd6 9. Na3 e4 10. Ng5 h6 11. Nh3 Bc5 12. Nc4 Qe7 13. e3 b5 14. Nd2 Ne5 15. Bxe5 Qxe5 16. a4 c6 17. axb5 cxb5 18. c4 Bg4 19. Qc2 b4 20. Nf4 g5 21. Nd5 Nxd5 22. cxd5 Rac8 23. Qxe4 Qxe4 24. Nxe4 Kg7 25. Nxc5 Rxc5 26. Rxa7 Rc3 27. h3 Be2 28. Re1 Bd3 29. d6 Rxb3 30. Bd5 Ra3 31. Rxa3 bxa3 32. Ra1 Rd8 33. Rxa3 Bf5 34. Ra6 Bxh3 35. Kh2 Be6 36. Bxe6 fxe6 37. e4 e5 38. Ra5 Kf6 39. Rd5 Ke6 40. Kh3 h5 41. f3 Rxd6 42. Ra5 Kf6 1/2-1/2

[Event "Unna op"]
[Site "Unna"]
[Date "2014.12.28"]
[Round "4"]
[White "Fehling, Michael"]
[Black "Schnelting, Michael"]
[Result "1/2-1/2"]
[WhiteElo "2111"]
[BlackElo "2033"]
[PlyCount "57"]
[EventDate "2014.12.27"]
[EventType "swiss"]
[EventRounds "7"]
[EventCountry "GER"]
[SourceTitle "CBM 164 Extra"]
[Source "ChessBase"]
[SourceDate "2015.03.02"]
[SourceVersion "1"]
[SourceVersionDate "2015.03.02"]
[SourceQuality "1"]

1. e4 d6 2. d4 Nf6 3. Nc3 e5 4. Nf3 Nbd7 5. g3 Be7 6. Bg2 0-0 7. 0-0 c6 8. a4 Re8 9. h3 Qc7 10. a5 Qb8 11. Be3 b5 12. axb6 axb6 13. Nh4 Rxa1 14. Qxa1 Bb7 15. Nf5 Bf8 16. g4 exd4 17. Bxd4 c5 18. Bxf6 Nxf6 19. Ng3 h6 20. Rd1 b5 21. Nxb5 Bxe4 22. Nxe4 Nxe4 23. Qa4 Nf6 24. Qc4 Re5 25. Nc3 Qxb2 26. Nd5 Nxd5 27. Bxd5 Re7 28. Kg2 Qf6 29. Rd3 1/2-1/2

[Event "NRW Verbandsklasse Group1 1314"]
[Site "Nordrheinwestfalen"]
[Date "2014.03.10"]
[Round "8.2"]
[White "Schnelting, Michael"]
[Black "Mueller Clostermann, Bruno"]
[Result "1-0"]
[WhiteElo "2033"]
[BlackElo "2070"]
[PlyCount "115"]
[EventDate "2013.09.08"]
[EventType "team-tourn"]
[EventRounds "9"]
[EventCountry "GER"]
[SourceTitle "EXT 2020"]
[Source "ChessBase"]
[SourceDate "2019.10.17"]
[SourceVersion "1"]
[SourceVersionDate "2019.10.17"]
[SourceQuality "1"]
[WhiteTeam "Werne SK"]
[BlackTeam "Katernberg SF III"]
[WhiteTeamCountry "GER"]
[BlackTeamCountry "GER"]

1. g3 g6 2. Bg2 Bg7 3. c4 d6 4. Nc3 f5 5. Nf3 Nf6 6. 0-0 0-0 7. d3 Nc6 8. Rb1 a5 9. a3 e5 10. b4 axb4 11. axb4 h6 12. b5 Ne7 13. Bb2 g5 14. Ra1 Rb8 15. Ra7 f4 16. Qa1 fxg3 17. hxg3 Be6 18. Nd2 Qc8 19. Nde4 Bh3 20. Nxf6+ Rxf6 21. Ne4 Rg6 22. Bxh3 Qxh3 23. Ra8 Rf8 24. Rxf8+ Bxf8 25. Qa8 h5 26. f3 b6 27. Qe8 Re6 28. Qf7+ Kxf7 29. Nxg5+ Ke8 30. Nxh3 Rg6 31. Kf2 Nf5 32. Rg1 Bh6 33. f4 exf4 34. Nxf4 Rg4 35. Nd5 Kf7 36. e4 Ne7 37. Nxc7 h4 38. Kf3 Rg8 39. Nd5 Nxd5 40. cxd5 hxg3 41. Rxg3 Ra8 42. Bd4 Ra5 43. Bxb6 Rxb5 44. Bc7 Rb3 45. Bxd6 Rxd3+ 46. Kg4 Rd1 47. Bf4 Bf8 48. Rb3 Be7 49. Rb6 Rh1 50. e5 Rh4+ 51. Kg3 Rh1 52. Rb7 Ke8 53. d6 Bd8 54. Kg4 Re1 55. Kf5 Rf1 56. Rb8 Rh1 57. Bg5 Rf1+ 58. Ke6 1-0

[Event "NRW Verbandsklasse Group1 1314"]
[Site "Nordrheinwestfalen"]
[Date "2014.01.26"]
[Round "6.2"]
[White "Schnelting, Michael"]
[Black "Kuerten, Hans Juergen"]
[Result "1-0"]
[WhiteElo "2033"]
[BlackElo "1894"]
[PlyCount "69"]
[EventDate "2013.09.08"]
[EventType "team-tourn"]
[EventRounds "9"]
[EventCountry "GER"]
[SourceTitle "EXT 2020"]
[Source "ChessBase"]
[SourceDate "2019.10.17"]
[SourceVersion "1"]
[SourceVersionDate "2019.10.17"]
[SourceQuality "1"]
[WhiteTeam "Werne SK"]
[BlackTeam "Koenigsspringer Haltern"]
[WhiteTeamCountry "GER"]
[BlackTeamCountry "GER"]

1. Nf3 d5 2. c4 c6 3. b3 Nf6 4. g3 Bf5 5. Bg2 Nbd7 6. Bb2 e6 7. 0-0 Bd6 8. d3 0-0 9. Na3 Qe7 10. Nc2 e5 11. cxd5 cxd5 12. Ne3 Be6 13. Ng5 Rac8 14. Nxe6 fxe6 15. Rc1 Rc6 16. Rxc6 bxc6 17. Qd2 Rc8 18. Rc1 Ba3 19. Bh3 Bxb2 20. Qxb2 a5 21. Qd2 d4 22. Nc4 Nd5 23. Qxa5 Nc3 24. Rc2 Qf6 25. Qa7 Rf8 26. f3 Nxe2+ 27. Rxe2 Qxf3 28. Rd2 Nf6 29. Qe7 Nd5 30. Qxe6+ Kh8 31. Bg2 Qh5 32. Bxd5 cxd5 33. Qxd5 Qf5 34. Qg2 e4 35. Rf2 1-0

[Event "NRW Verbandsklasse Group1 1314"]
[Site "Nordrheinwestfalen"]
[Date "2013.12.15"]
[Round "5.2"]
[White "Buechle, Manfred"]
[Black "Schnelting, Michael"]
[Result "0-1"]
[WhiteElo "1832"]
[BlackElo "2033"]
[PlyCount "68"]
[EventDate "2013.09.08"]
[EventType "team-tourn"]
[EventRounds "9"]
[EventCountry "GER"]
[SourceTitle "EXT 2020"]
[Source "ChessBase"]
[SourceDate "2019.10.17"]
[SourceVersion "1"]
[SourceVersionDate "2019.10.17"]
[SourceQuality "1"]
[WhiteTeam "Eichlinghofen SV II"]
[BlackTeam "Werne SK"]
[WhiteTeamCountry "GER"]
[BlackTeamCountry "GER"]

1. e4 d6 2. d4 Nf6 3. Nc3 e5 4. dxe5 dxe5 5. Qxd8+ Kxd8 6. Bg5 Be6 7. 0-0-0+ Nbd7 8. Nf3 Kc8 9. a3 c6 10. Bh4 h6 11. Bg3 Bg4 12. Bc4 Bh5 13. Rd2 b5 14. Bd3 Bxf3 15. gxf3 Be7 16. f4 Nh5 17. Be2 Nxg3 18. fxg3 Kc7 19. Bg4 Nb6 20. Rhd1 Bf6 21. Rd3 a5 22. Rf1 Rhe8 23. Bh5 g6 24. Bf3 b4 25. Nb1 c5 26. b3 Rad8 27. axb4 Rxd3 28. cxd3 cxb4 29. Be2 exf4 30. gxf4 a4 31. Nd2 a3 32. Kb1 Nd5 33. Kc2 Ne3+ 34. Kb1 a2+ 0-1

[Event "NRW Verbandsklasse Group1 1314"]
[Site "Nordrheinwestfalen"]
[Date "2013.11.24"]
[Round "4.2"]
[White "Schnelting, Michael"]
[Black "Stefaniak, Christian"]
[Result "1/2-1/2"]
[WhiteElo "2033"]
[BlackElo "1921"]
[PlyCount "42"]
[EventDate "2013.09.08"]
[EventType "team-tourn"]
[EventRounds "9"]
[EventCountry "GER"]
[SourceTitle "EXT 2020"]
[Source "ChessBase"]
[SourceDate "2019.10.17"]
[SourceVersion "1"]
[SourceVersionDate "2019.10.17"]
[SourceQuality "1"]
[WhiteTeam "Werne SK"]
[BlackTeam "Oberhausen SV III"]
[WhiteTeamCountry "GER"]
[BlackTeamCountry "GER"]

1. g3 e6 2. Bg2 Nf6 3. Nf3 d5 4. 0-0 Be7 5. b3 0-0 6. c4 c6 7. Bb2 b6 8. d3 Bb7 9. Nbd2 Re8 10. e4 c5 11. e5 Nfd7 12. Re1 d4 13. Bc1 Qc7 14. Nf1 Nf8 15. Bf4 Ng6 16. Bd2 Nd7 17. Qe2 Rac8 18. Bf4 Ndf8 19. Bd2 Nd7 20. Bf4 Ndf8 21. Bd2 Nd7 1/2-1/2

[Event "NRW Verbandsklasse Group1 1314"]
[Site "Nordrheinwestfalen"]
[Date "2013.11.03"]
[Round "3.2"]
[White "Prass, Marian"]
[Black "Schnelting, Michael"]
[Result "0-1"]
[WhiteElo "1952"]
[BlackElo "2033"]
[PlyCount "130"]
[EventDate "2013.09.08"]
[EventType "team-tourn"]
[EventRounds "9"]
[EventCountry "GER"]
[SourceTitle "EXT 2020"]
[Source "ChessBase"]
[SourceDate "2019.10.17"]
[SourceVersion "1"]
[SourceVersionDate "2019.10.17"]
[SourceQuality "1"]
[WhiteTeam "Altenessen"]
[BlackTeam "Werne SK"]
[WhiteTeamCountry "GER"]
[BlackTeamCountry "GER"]

1. Nf3 Nf6 2. g3 c5 3. Bg2 Nc6 4. 0-0 g6 5. c4 Bg7 6. d4 d6 7. Nc3 Bf5 8. d5 Na5 9. Nd2 0-0 10. e4 Bd7 11. Qc2 a6 12. Rb1 b5 13. b3 Rb8 14. Bb2 e6 15. h3 Nh5 16. Ne2 Bxb2 17. Rxb2 Qf6 18. Rbb1 exd5 19. cxd5 Rbc8 20. Qc1 Qd8 21. Nf3 Re8 22. Qh6 Qf6 23. e5 dxe5 24. Qd2 Nb7 25. Nh2 Qb6 26. Rbd1 Nd6 27. g4 Nf6 28. Qg5 Kg7 29. Ng3 h6 30. Qe3 Rb8 31. Qc1 c4 32. b4 Nh7 33. Kh1 a5 34. a3 axb4 35. axb4 f5 36. f4 e4 37. Qc3+ Kf7 38. g5 h5 39. Ne2 Re7 40. Nd4 Ra8 41. Rfe1 Ree8 42. Nf1 Qa7 43. Nc6 Bxc6 44. dxc6 Qc7 45. Qd4 Re6 46. Qc5 Ra6 47. Ne3 Qxc6 48. Qd4 Kg8 49. Nd5 Ne8 50. Qc5 Qxc5 51. bxc5 Rac6 52. Nc3 Rxc5 53. Rb1 Nc7 54. Red1 Nf8 55. Bf1 Kg7 56. Rd8 Ra6 57. Rb8 Nfe6 58. Nxb5 Nxb5 59. R8xb5 Rxb5 60. Rxb5 Ra1 61. Kg1 c3 62. Rb7+ Kf8 63. Rb8+ Ke7 64. Rc8 Nxf4 65. Kf2 e3+ 0-1

[Event "Bad Zwesten op 16th"]
[Site "Bad Zwesten"]
[Date "2013.01.03"]
[Round "3"]
[White "Cherny, Andrey"]
[Black "Schnelting, Michael"]
[Result "1-0"]
[WhiteElo "2214"]
[BlackElo "2071"]
[PlyCount "83"]
[EventDate "2013.01.02"]
[EventType "swiss"]
[EventRounds "7"]
[EventCountry "GER"]
[SourceTitle "CBM 152 Extra"]
[Source "ChessBase"]
[SourceDate "2013.02.25"]
[SourceVersion "1"]
[SourceVersionDate "2013.02.25"]
[SourceQuality "1"]

1. e4 d6 2. Nf3 e5 3. Bc4 Be7 4. Nc3 Nf6 5. d4 Nbd7 6. 0-0 0-0 7. h3 c6 8. Re1 b5 9. Bf1 Re8 10. a4 b4 11. Nb1 exd4 12. Nxd4 Qc7 13. Bf4 Bf8 14. Nd2 Ne5 15. Bg5 Nfd7 16. Be3 Nc5 17. f4 Ned7 18. Qf3 Bb7 19. Bd3 Rad8 20. Bf2 a6 21. b3 Nxd3 22. cxd3 c5 23. Rac1 Qb8 24. Nc2 d5 25. Ne3 dxe4 26. dxe4 Nf6 27. Nec4 Qa8 28. Bh4 Be7 29. Nb6 Qa7 30. Bxf6 Bxf6 31. Nd5 c4+ 32. Kh2 Bxd5 33. exd5 c3 34. Nc4 Qd7 35. d6 Rxe1 36. Rxe1 Qf5 37. g4 Qc5 38. g5 Bd4 39. d7 Kf8 40. Qe4 Be5 41. Nxe5 Qf2+ 42. Kh1 1-0

[Event "Ruhrgebiet VL1 0405"]
[Site "Ruhrgebiet"]
[Date "2005.03.13"]
[Round "8.6"]
[White "Fresen, Hans Juergen"]
[Black "Schnelting, Michael"]
[Result "0-1"]
[WhiteElo "1905"]
[BlackElo "1893"]
[PlyCount "108"]
[EventDate "2004.09.12"]
[EventType "team"]
[EventRounds "9"]
[EventCountry "GER"]
[SourceTitle "EXT 2006"]
[Source "ChessBase"]
[SourceDate "2005.11.24"]
[SourceVersion "1"]
[SourceVersionDate "2005.11.24"]
[SourceQuality "1"]
[WhiteTeam "Bochum SV 02"]
[BlackTeam "Werne SK"]
[WhiteTeamCountry "GER"]
[BlackTeamCountry "GER"]

1. e4 c6 2. d4 d5 3. exd5 cxd5 4. c4 Nf6 5. Nc3 Nc6 6. cxd5 Nxd5 7. Qa4 Nb6 8. Qb5 a6 9. Qd3 Qxd4 10. Be3 Qxd3 11. Bxd3 Nd7 12. Nd5 Kd8 13. Rd1 Rb8 14. Bb6+ Nxb6 15. Nxb6 Ke8 16. Ne2 e6 17. 0-0 Bc5 18. Nxc8 Rxc8 19. Be4 Ke7 20. Rc1 Ba7 21. a3 f5 22. Bxc6 Rxc6 23. Rxc6 bxc6 24. Rc1 Rd8 25. g3 Rd6 26. Rc4 Kd7 27. Ra4 c5 28. b4 cxb4 29. axb4 Bb8 30. Ra5 Bc7 31. Rc5 Rc6 32. Rxc6 Kxc6 33. Nc3 Bd6 34. Na2 Kb5 35. Kf1 Bxb4 36. Ke2 e5 37. Kd3 a5 38. f3 a4 39. h3 Ba5 40. g4 g6 41. h4 Kc5 42. h5 Kd5 43. hxg6 hxg6 44. gxf5 gxf5 45. Nc1 e4+ 46. fxe4+ fxe4+ 47. Ke3 Bb6+ 48. Kd2 Kc4 49. Kc2 Bd4 50. Kd2 a3 51. Kc2 Bb2 52. Ne2 e3 53. Ng3 Bd4 54. Kb1 Kb3 0-1

[Event "Ruhrgebiet VK3 0304"]
[Site "Ruhrgebiet"]
[Date "2004.02.29"]
[Round "7.6"]
[White "Schnelting, Michael"]
[Black "Groening, Uwe"]
[Result "1/2-1/2"]
[WhiteElo "1929"]
[BlackElo "1777"]
[PlyCount "53"]
[EventDate "2003.09.28"]
[EventType "team"]
[EventRounds "9"]
[EventCountry "GER"]
[SourceTitle "EXT 2007"]
[Source "ChessBase"]
[SourceDate "2006.11.23"]
[SourceVersion "1"]
[SourceVersionDate "2006.11.23"]
[SourceQuality "1"]
[WhiteTeam "Werne SK"]
[BlackTeam "Dortmund SV"]
[WhiteTeamCountry "GER"]
[BlackTeamCountry "GER"]

1. e4 d5 2. exd5 Nf6 3. Bc4 Nxd5 4. d4 g6 5. Nc3 c6 6. Qf3 Be6 7. Bd2 Bg7 8. Nge2 0-0 9. Bb3 Nxc3 10. bxc3 Bxb3 11. cxb3 Qd5 12. Qxd5 cxd5 13. Nf4 e6 14. h4 Nd7 15. h5 g5 16. h6 Bxd4 17. cxd4 gxf4 18. Bxf4 Rfc8 19. Rh3 Nf8 20. Kd2 Rc6 21. Rc1 Rac8 22. Rxc6 Rxc6 23. Bg5 f5 24. a4 Kf7 25. Rg3 Ng6 26. Rf3 Nf8 27. Rg3 1/2-1/2

[Event "Ruhrgebiet VK3 0304"]
[Site "Ruhrgebiet"]
[Date "2003.12.07"]
[Round "4.6"]
[White "Schnelting, Michael"]
[Black "Bense, Dirk"]
[Result "1/2-1/2"]
[WhiteElo "1929"]
[BlackElo "1923"]
[PlyCount "59"]
[EventDate "2003.09.28"]
[EventType "team"]
[EventRounds "9"]
[EventCountry "GER"]
[SourceTitle "EXT 2007"]
[Source "ChessBase"]
[SourceDate "2006.11.23"]
[SourceVersion "1"]
[SourceVersionDate "2006.11.23"]
[SourceQuality "1"]
[WhiteTeam "Werne SK"]
[BlackTeam "Brackel II"]
[WhiteTeamCountry "GER"]
[BlackTeamCountry "GER"]

1. e4 c5 2. c3 d5 3. exd5 Qxd5 4. d4 Nc6 5. Nf3 Bg4 6. Be2 e6 7. 0-0 Nf6 8. h3 Bh5 9. Re1 cxd4 10. cxd4 Bb4 11. Nc3 Bxc3 12. bxc3 0-0 13. Bf4 Ne4 14. Qd3 Bg6 15. c4 Qd8 16. Qe3 Rc8 17. Red1 Re8 18. Rac1 Qa5 19. Qb3 Qb4 20. Nh4 Qxb3 21. axb3 Nxd4 22. Rxd4 e5 23. Bxe5 Rxe5 24. Nxg6 hxg6 25. Bf3 Nc5 26. Rb1 a5 27. b4 axb4 28. Rxb4 Re1+ 29. Kh2 Rc7 30. Bd5 1/2-1/2